000 00324nam a22001457a 4500
008 230508b ||||| |||| 00| 0 eng d
020 _a9780072399967
041 _aeng
080 _2EIGHTH EDITON
_a7
082 _a7WIL
100 _a19
101 _aART
245 _aTHE THEATER EXPERIENCE
_cWILSON.E
942 _2udc
_cBK
999 _c59672
_d59672